000
00208 a2200097 4500
001
48509
100
_a
Hutton, G
245
_a
We can too prosper
260
_a
London
_b
George Allen
_c
090
_c
31445
_d
31445
942
_a
NUST-CAE
_c
M
_c
23831
999
_c
283582
_d
283582